000 00571nam a2200229Ia 4500
003 OSt
005 20220924144107.0
006 a|||||r|||| 00| 0
007 ta
008 220923b |||||||| |||| 00| 0 urd d
024 _a311914
037 _cTextual
040 _aARTS
_cARTS
_burd
041 _2urd
_aurd
082 _aO168,1L22x, K8
100 _aJaafar Raza
_9217016
245 0 _aMeer ki chand masnaviyan
260 _c1968
650 _aURDU POETRY
942 _hO168,1L22x, K8
_cTEXL
_2CC
999 _c456070
_d456070